Normal view
MARC view
Entry Personal Name
001 - CONTROL NUMBER
- control field: 32026
003 - CONTROL NUMBER IDENTIFIER
- control field: OSt
005 - DATE AND TIME OF LATEST TRANSACTION
- control field: 20220718110911.0
008 - FIXED-LENGTH DATA ELEMENTS
- fixed length control field: 220718|| aca||aabn | a|a d
040 ## - CATALOGING SOURCE
- Original cataloging agency: OSt
- Transcribing agency: OSt
100 ## - HEADING--PERSONAL NAME
- Personal name: Saraswat, S.P., Dahiya, P.S. and Singh, R.
670 ## - SOURCE DATA FOUND
- Source citation: Work cat.: (OSt)519131: Saraswat, S.P., Dahiya, P.S. and Singh, R. , Consumption of milk & milk products in urban areas in Himachal Pradesh: Projections, preferences and perspectives
